00434nam a2200157Ia 4500003000400000005001700004008004100021040000700062041000800069082002500077100001900102245009700121260003800218300001200256365000800268OSt20230622122802.0210423s1999 xx 000 0 und d cAL aeng a574.19245 223bFERA aFERSHT (Alan). aStructure and mechanism in protein science: a guide to enzyme catalysis and protein folding. aNew YorkbW H Freeman & Co.c1999 axxi,631 cINR